[Event "Challenge"]
[Site "http://www.queenalice.com/game.php?id=186393"]
[Date "2007.3.23"]
[Round "-"]
[White "Raven420"]
[Black "Malpaso"]
[Result "0-1"]
[WhiteElo "1818"]
[BlackElo "1957"]

1. d4 Nf6 2. Bg5 Ne4 3. Bf4 c5 4. f3 Qa5+ 5. Nd2 Nxd2 6. Bxd2 Qb6 7. Bc3 d5 8.
e3 Nc6 9. Qd2 cxd4 10. exd4 Bf5 11. a3 e6 12. g4 Bg6 13. Bd3 Bd6 14. Ne2 O-O-O
15. b4 Bxd3 16. Qxd3 Kb8 17. O-O-O Rc8 18. Kb2 Na5 19. Ra1 Nc4+ 20. Kc1 Rc6 21.
h4 h6 0-1

[Event "Let's Play Chess!"]
[Site "http://www.queenalice.com/game.php?id=186872"]
[Date "2007.3.24"]
[Round "-"]
[White "Raven420"]
[Black "brazuka"]
[Result "1-0"]
[WhiteElo "1869"]
[BlackElo "1526"]

1. e4 e5 2. Nf3 d6 3. d4 Nc6 4. Bb5 Bd7 5. Nc3 a6 6. Be2 Qf6 7. Nd5 Qd8 8. Be3
exd4 9. Nxd4 Qh4 10. Nxc7+ Kd8 11. Nxa8 Qxe4 12. Bf3 Qe5 13. Nxc6+ Bxc6 14. Bxc6
bxc6 15. O-O f5 16. Re1 Nf6 17. Bb6+ Kc8 18. Rxe5 dxe5 19. Qd8+ Kb7 20. Qc7+
Kxa8 21. Qa7# 1-0

[Event "Let's Play Chess!"]
[Site "http://www.queenalice.com/game.php?id=187394"]
[Date "2007.3.25"]
[Round "-"]
[White "Raven420"]
[Black "Craic"]
[Result "1-0"]
[WhiteElo "1895"]
[BlackElo "1314"]

1. e4 e5 2. Nf3 Nc6 3. c4 Nf6 4. Nc3 Nd4 5. Nxe5 d6 6. Nf3 Nxf3+ 7. Qxf3 Bg4 8.
Qe3 b6 9. d3 Qe7 10. h3 Bd7 11. Bd2 h6 12. Be2 O-O-O 13. a4 g5 14. a5 Qe5 15.
axb6 cxb6 16. Rxa7 Qc5 17. d4 Qc6 18. Bd3 Kb8 19. O-O Kxa7 20. e5 dxe5 21. Ra1+
Kb7 22. dxe5 Bc5 23. Qe2 Ne8 24. Be4 Qxe4 25. Nxe4 Bc6 26. Nxc5+ bxc5 27. Be3
Kb6 28. Qe1 Nc7 29. Qb4+ Nb5 30. Qxc5+ 1-0

[Event "Let's Play Chess!"]
[Site "http://www.queenalice.com/game.php?id=187493"]
[Date "2007.3.25"]
[Round "-"]
[White "Raven420"]
[Black "edsonigor"]
[Result "1-0"]
[WhiteElo "1896"]
[BlackElo "1581"]

1. Nf3 d5 2. e4 dxe4 3. Ng5 Nf6 4. d3 e5 5. Nc3 Bb4 6. Bd2 O-O 7. Ncxe4 Bxd2+ 8.
Qxd2 Nc6 9. c3 Bf5 10. Ng3 Bg6 11. Be2 e4 12. N5xe4 Nxe4 13. Nxe4 Bxe4 14. dxe4
Qxd2+ 15. Kxd2 Ne5 16. f4 Rad8+ 17. Ke3 Ng6 18. Rad1 b6 19. g4 Ne7 20. h4 g6 21.
Bc4 Kg7 22. f5 gxf5 23. gxf5 Kf6 24. Kf4 Nc6 25. Rd5 Rxd5 26. Bxd5 Ne5 27. Rh3
Rd8 28. b4 c6 29. Bb3 Nd3+ 30. Ke3 Nc1 31. Kf4 Rd2 32. e5+ Ke7 33. f6+ Ke8 34.
Re3 Nxb3 35. axb3 Rb2 36. c4 Rd2 37. Kg5 Kd7 38. Kf5 Rf2+ 39. Ke4 Rh2 40. Rd3+
Ke8 41. Kf5 Rxh4 42. e6 fxe6+ 43. Kxe6 Re4+ 44. Kf5 Re1 45. Rh3 Rf1+ 46. Ke6
Re1+ 47. Kd6 Kf7 48. Rxh7+ Kxf6 49. Kxc6 1-0

[Event "Let's Play Chess!"]
[Site "http://www.queenalice.com/game.php?id=187494"]
[Date "2007.3.25"]
[Round "-"]
[White "Raven420"]
[Black "someone"]
[Result "1-0"]
[WhiteElo "1872"]
[BlackElo "1681"]

1. Nf3 d5 2. e4 e5 3. Nxe5 f5 4. Qh5+ g6 5. Nxg6 Nf6 6. Qh4 Rg8 7. Nxf8 Rxf8 8.
exd5 Qxd5 9. Nc3 Qe5+ 10. Be2 Nc6 11. Kd1 Bd7 12. Bh5+ Nxh5 13. Re1 Qxe1+ 14.
Kxe1 Nf6 15. d3 O-O-O 16. Bg5 Ng4 17. Bxd8 Rxd8 18. h3 Nb4 19. Kd2 Rf8 20. hxg4
f4 21. Qe7 Rg8 22. Qxb4 Rxg4 23. Qf8+ 1-0

[Event "Let's Play Chess!"]
[Site "http://www.queenalice.com/game.php?id=188124"]
[Date "2007.3.26"]
[Round "-"]
[White "someone"]
[Black "Raven420"]
[Result "0-1"]
[WhiteElo "1710"]
[BlackElo "1908"]

1. d4 d5 2. Nc3 e6 3. Bf4 Nf6 4. Nb5 Na6 5. Nf3 c6 6. Nc3 b6 7. e3 Bd6 8. Bd3
Bb7 9. Ne5 Nb4 10. O-O Nxd3 11. Qxd3 O-O 12. Bg5 h6 13. Bxf6 gxf6 14. Ng4 Kg7
15. e4 dxe4 16. Nxe4 f5 17. Nxd6 Qxd6 18. Ne5 Qe7 19. a3 Rad8 20. Rae1 c5 21. c3
Rg8 22. Nf3 Qf6 23. Qb5 Kh7 24. Re3 cxd4 25. Rd3 Rxg2+ 26. Kxg2 Qg5+ 27. Kh3
Qg4# 0-1

[Event "Let's Play Chess!"]
[Site "http://www.queenalice.com/game.php?id=188865"]
[Date "2007.3.28"]
[Round "-"]
[White "Raven420"]
[Black "spawnwolfwolverine"]
[Result "1-0"]
[WhiteElo "1895"]
[BlackElo "1676"]

1. e4 c5 2. f4 d6 3. Nf3 g6 4. c3 Bg7 5. Be2 e6 6. d3 Ne7 7. Na3 O-O 8. O-O b6
9. Nc2 Ba6 10. Be3 Nd7 11. Qe1 f5 12. Ng5 fxe4 13. dxe4 Bxe2 14. Qxe2 Rf6 15.
Rad1 d5 16. e5 Nxe5 17. fxe5 Rxf1+ 18. Rxf1 Bh6 19. Nxe6 Bxe3+ 20. Qxe3 Qd7 21.
Rf6 Nf5 22. Qg5 Ne7 23. Qh6 Nf5 24. Qf8+ Rxf8 25. Rxf8# 1-0

[Event "Let's Play Chess!"]
[Site "http://www.queenalice.com/game.php?id=188878"]
[Date "2007.3.28"]
[Round "-"]
[White "lukas2007"]
[Black "Raven420"]
[Result "0-1"]
[WhiteElo "1195"]
[BlackElo "1919"]

1. d4 Nf6 2. c3 e6 3. Qa4 Be7 4. f3 O-O 5. Nh3 d5 6. Qb3 c5 7. e3 Nc6 8. Bb5 Bd7
9. Bxc6 Bxc6 10. O-O Qc7 11. Bd2 e5 12. dxe5 Qxe5 13. f4 Qe4 14. Ng5 Qf5 15. Na3
a6 16. Qb6 Rad8 17. Qc7 Bd6 18. Qb6 Ng4 19. h3 Nh2 20. Kxh2 Qxg5 21. g3 Qh5 22.
g4 Qg6 23. Nb1 d4 24. cxd4 Qe4 25. Rg1 Qf3 26. Nc3 Qf2+ 27. Rg2 Qxg2# 0-1

[Event "Let's Play speed Chess!"]
[Site "http://www.queenalice.com/game.php?id=190870"]
[Date "2007.4.3"]
[Round "-"]
[White "Raven420"]
[Black "Beyonder"]
[Result "1/2-1/2"]
[WhiteElo "1937"]
[BlackElo "1971"]

1. Nf3 c5 2. e4 d6 3. d4 cxd4 4. Nxd4 Nf6 5. Nc3 Nc6 6. Bg5 e6 7. Qd3 Be7 8.
O-O-O O-O 9. h4 Nxd4 10. Qxd4 Qa5 11. Kb1 Rd8 12. Bd2 Qc5 13. Qxc5 dxc5 14. Be2
b6 15. Bf3 Bb7 16. Bf4 Rxd1+ 17. Rxd1 h6 18. Kc1 Rd8 19. Rxd8+ Bxd8 20. Kd2 Bc6
21. a4 Nd7 22. g3 e5 23. Be3 f6 24. Be2 Nf8 25. Bc4+ Kh7 26. Kd3 g5 27. hxg5
hxg5 28. b3 Bd7 29. f3 Kg6 30. g4 Ne6 31. Nd5 Nc7 32. Nxc7 Bxc7 33. Ba6 Kf7 34.
Bc1 Ke7 35. Ba3 Bd6 36. Kc3 Kd8 37. b4 cxb4+ 38. Bxb4 Kc7 39. Bxd6+ Kxd6 40. Kb4
Kc7 41. c4 Bc6 42. a5 Bb7 43. axb6+ axb6 44. Bxb7 Kxb7 45. Kb5 Kc7 46. c5 bxc5
47. Kxc5 Kd7 48. Kd5 Ke7 49. Kc6 1/2-1/2

[Event "Let's Play Chess!"]
[Site "http://www.queenalice.com/game.php?id=191166"]
[Date "2007.4.3"]
[Round "-"]
[White "Raven420"]
[Black "maeaton"]
[Result "0-1"]
[WhiteElo "1938"]
[BlackElo "1700"]

1. d4 d5 2. Nf3 Nf6 3. Bg5 Qd6 4. c3 Ne4 5. Bh4 Qh6 6. Nbd2 f6 7. Bg3 Nxg3 8.
fxg3 Qe3 9. Nb3 g6 10. Qd2 Bh6 11. Qxe3 Bxe3 12. Rd1 Bf5 13. Nh4 Bc2 14. Ra1 e5
15. dxe5 fxe5 16. h3 O-O 17. Nf3 Nc6 18. Nbd2 e4 19. Rc1 exf3 20. Rxc2 f2+ 21.
Kd1 Rad8 22. g4 d4 23. a3 dxc3 24. bxc3 Ne5 0-1

[Event "Last mistake wins!"]
[Site "http://www.queenalice.com/game.php?id=193172"]
[Date "2007.4.7"]
[Round "-"]
[White "Beyonder"]
[Black "Raven420"]
[Result "0-1"]
[WhiteElo "1997"]
[BlackElo "1899"]

1. c4 Nf6 2. Nf3 e6 3. Nc3 b6 4. e4 Bb7 5. d3 d6 6. g3 Nbd7 7. Bg2 Be7 8. O-O
O-O 9. Re1 c5 10. d4 cxd4 11. Nxd4 Ne5 12. b3 Nc6 13. f3 Nxd4 14. Qxd4 d5 15.
Qd3 dxc4 16. Qxc4 Rc8 17. Qa4 Rxc3 18. Qxa7 Qc7 19. Bf4 Bc5+ 20. Kh1 Qc6 21. Qa4
Qxa4 22. bxa4 Ra8 23. Be5 Rd3 24. h4 Rxa4 25. Kh2 h5 26. Kh3 Nd7 27. Bf4 e5 28.
Rec1 exf4 0-1

[Event "Let's Play Chess!"]
[Site "http://www.queenalice.com/game.php?id=193819"]
[Date "2007.4.8"]
[Round "-"]
[White "Raven420"]
[Black "jiujitsubr"]
[Result "0-1"]
[WhiteElo "1818"]
[BlackElo "1703"]

1. c4 Nf6 2. Nc3 g6 3. b4 Bg7 4. Bb2 O-O 5. Nf3 d6 6. e3 Nbd7 7. d3 c6 8. Be2
Qc7 9. h3 e5 10. e4 Nh5 11. a4 f5 12. Qb3 Kh8 13. g4 Nf4 14. gxf5 gxf5 15. Ng5
fxe4 16. dxe4 Nxe2 17. Nxe2 Nf6 18. Ng3 h6 19. h4 Ng4 20. f3 hxg5 21. fxg4 Qe7
22. hxg5+ Kg8 23. Nf5 Bxf5 0-1

[Event "Let's Play Chess!"]
[Site "http://www.queenalice.com/game.php?id=194351"]
[Date "2007.4.10"]
[Round "-"]
[White "Raven420"]
[Black "hk1960"]
[Result "1-0"]
[WhiteElo "1923"]
[BlackElo "961"]

1. Nf3 e6 2. d4 Be7 3. Bf4 Bb4+ 4. c3 e5 5. Bxe5 Bxc3+ 6. bxc3 Qe7 7. Bxg7 f5 8.
Bxh8 Nc6 9. Qb3 Qf8 10. e3 b6 11. Bd3 Kd8 12. Nbd2 Rb8 13. Bxf5 Qxf5 14. Qxg8+
Ke7 15. O-O Qc2 16. Qg7+ Kd6 17. Qf6+ Kd5 18. e4+ Qxe4 19. c4# 1-0

[Event "Let's Play Chess!"]
[Site "http://www.queenalice.com/game.php?id=194352"]
[Date "2007.4.10"]
[Round "-"]
[White "Raven420"]
[Black "spawnwolfwolverine"]
[Result "0-1"]
[WhiteElo "1928"]
[BlackElo "1624"]

1. e4 e6 2. d4 d6 3. Nc3 b6 4. f4 c5 5. Nf3 Ba6 6. Bxa6 Nxa6 7. O-O Nf6 8. Qe2
Nc7 9. Bd2 Be7 10. Rae1 O-O 11. e5 Nfd5 12. Ne4 f5 13. Ng3 Bh4 14. a3 dxe5 15.
dxe5 a5 16. c4 Ne7 17. Nxh4 Qd4+ 18. Be3 Qd8 19. Rd1 Qe8 20. Qc2 Ng6 21. Nxg6
Qxg6 22. Rd7 Na6 23. Rfd1 Nb8 24. R7d6 Ra6 25. Qa4 h5 26. Nf1 h4 27. h3 Kh7 28.
Qb5 Kh6 29. Rxb6 Rxb6 30. Qxb6 Nd7 31. Rxd7 Qe8 0-1

[Event "Challenge"]
[Site "http://www.queenalice.com/game.php?id=194362"]
[Date "2007.4.10"]
[Round "-"]
[White "hk1960"]
[Black "Raven420"]
[Result "0-1"]
[WhiteElo "961"]
[BlackElo "1921"]

1. b4 Nf6 2. b5 g6 3. a4 Bg7 4. Ra3 d5 5. Rd3 Bf5 6. Re3 O-O 7. Nc3 d4 8. d3
dxe3 9. fxe3 Qd6 10. h3 Nh5 11. d4 Qg3+ 12. Kd2 Rd8 13. Nf3 e5 14. e4 Rxd4+ 15.
Nxd4 Bh6+ 16. e3 Qxe3# 0-1

[Event "Let's Play Chess!"]
[Site "http://www.queenalice.com/game.php?id=195884"]
[Date "2007.4.12"]
[Round "-"]
[White "Raven420"]
[Black "jojo2017"]
[Result "0-1"]
[WhiteElo "1857"]
[BlackElo "1632"]

1. Nf3 Nc6 2. d4 d5 3. c4 Be6 4. Nc3 Nf6 5. cxd5 Bxd5 6. Bg5 Qd7 7. Bxf6 Bxf3 8.
gxf3 exf6 9. e3 Bb4 10. Qa4 Qe7 0-1